| 000 | 01084nam a22002777a 4500 | ||
|---|---|---|---|
| 999 |
_c63782 _d63782 |
||
| 005 | 20240530110658.0 | ||
| 008 | 171223s2015 ua ao g b 000 0 ara d | ||
| 017 | _bمصر. دار الكتب | ||
| 020 | _a9789776183865 | ||
| 040 |
_aEG-CaGPL _cEG-CaGPL |
||
| 082 | 0 | 4 |
_221 _a215.1\ _bى م |
| 100 | 0 | _aيوسف جاغلار | |
| 245 | 1 | 2 |
_aالمحمل الشريف ورحلته الى الحرمين الشريفين / _cاعداد يوسف جاغلار ، صالح كولن ؛ ترجمة حازم سعيد منتصر ، احمد كمال . |
| 250 | _aط.1 | ||
| 260 |
_aالقاهرة : _bدار النيل ، _c2014 . |
||
| 300 |
_a327 ص. : _bصور لو ؛ _c24 سم. |
||
| 650 | 0 | 7 |
_2qrmak _aكسوة الكعبة |
| 650 | 0 | 7 |
_2qrmak _aقوافل الحج |
| 650 | 0 | 7 |
_2qrmak _aالكعبة |
| 650 | 0 | 7 |
_2qrmak _aالتراث الاسلامى |
| 700 | 0 |
_aصالح كولن _eمعد . |
|
| 700 | 0 |
_aاحمد كمال _eمترجم . |
|
| 700 | 0 |
_aحازم سعيد منتصر _eمترجم . |
|
| 942 |
_2ddc _cBK |
||